[Event "ZMDI-Open 2013"]
[Site "Dresden"]
[Date "2013.08.12"]
[Round "3"]
[White "Wong, G."]
[Black "Altstadt, K."]
[Result "1-0"]
[WhiteElo "1766"]
[BlackElo "1815"]
[PlyCount "99"]
[EventDate "2013.??.??"]

1. e4 c5 2. Nf3 d6 3. d4 cxd4 4. Nxd4 Nf6 5. f3 a6 6. c4 e6 7. Be3 Be7 8. Nc3
Bd7 9. Qd2 Nc6 10. Be2 Rc8 11. O-O O-O 12. a4 Na5 13. Rac1 e5 14. Nc2 Nb3 15.
Qd3 Nxc1 16. Rxc1 Be6 17. b3 Nd7 18. Nb4 f5 19. Nbd5 Bg5 20. Rd1 f4 21. Bf2 Bh4
22. g3 Bg5 23. Nb4 fxg3 24. hxg3 Be7 25. Nbd5 Bxd5 26. Nxd5 Nc5 27. Nxe7+ Qxe7
28. Qd5+ Kh8 29. Rb1 Ne6 30. Rd1 Ng5 31. Kg2 Qd7 32. Rh1 Rf6 33. Be3 Rg6 34. c5
Rf8 35. cxd6 Nxf3 36. Bxf3 Rxf3 37. Kxf3 Qg4+ 38. Kf2 Qxg3+ 39. Ke2 Qg2+ 40.
Bf2 Qxh1 41. d7 Qh5+ 42. Kd3 Qd1+ 43. Kc4 Rc6+ 44. Bc5 b5+ 45. axb5 Qc2+ 46.
Kb4 a5+ 47. Ka4 Qa2+ 48. Ba3 h6 49. d8=Q+ Kh7 50. Q8g8+ 1-0

[Event "ZMDI-Open 2013"]
[Site "Dresden"]
[Date "2013.08.12"]
[Round "3"]
[White "Richter, S."]
[Black "Schamschurko, A."]
[Result "1-0"]
[WhiteElo "1843"]
[BlackElo "1703"]
[PlyCount "104"]
[EventDate "2013.??.??"]

1. e4 c5 2. Nf3 Nc6 3. d4 cxd4 4. Nxd4 e5 5. Nb5 d6 6. Be3 Nf6 7. N5c3 Be7 8.
Be2 Be6 9. O-O O-O 10. f4 exf4 11. Rxf4 Ne5 12. Nd5 Nxd5 13. exd5 Bg5 14. dxe6
Bxf4 15. Bxf4 Qb6+ 16. Kh1 Qxb2 17. exf7+ Rxf7 18. Bxe5 dxe5 19. Nd2 Rd7 20.
Bd3 Kh8 21. Qc1 Qxc1+ 22. Rxc1 Rad8 23. Kg1 Rc7 24. Re1 Rd5 25. Nf3 Re7 26. Nh4
e4 27. Bc4 Rde5 28. g4 g6 29. Re3 b5 30. Bb3 a5 31. a4 b4 32. Ng2 g5 33. h4 h6
34. hxg5 hxg5 35. Rh3+ Kg7 36. Ne3 Kg6 37. Nf5 Rxf5 38. gxf5+ Kxf5 39. Kf2 Kf4
40. Rh8 Re5 41. Rf8+ Kg4 42. Ke3 Kg3 43. Rf6 g4 44. Re6 Rf5 45. Kxe4 Rg5 46.
Re5 Rxe5+ 47. Kxe5 Kf2 48. Kd4 Ke2 49. Bd5 Kd2 50. Be4 g3 51. Kc4 g2 52. Bxg2
Kxc2 1-0

[Event "ZMDI-Open 2013"]
[Site "Dresden"]
[Date "2013.08.12"]
[Round "3"]
[White "Würsig, M."]
[Black "Neffe, G."]
[Result "1-0"]
[WhiteElo "1819"]
[BlackElo "1634"]
[PlyCount "51"]
[EventDate "2013.??.??"]

1. e4 Nf6 2. Nc3 g6 3. e5 Nh5 4. d4 e6 5. Nf3 d6 6. Be2 b6 7. O-O Bb7 8. exd6
cxd6 9. d5 e5 10. Re1 Nd7 11. a3 Bg7 12. Nb5 Ndf6 13. c4 Ne4 14. Nxe5 Bxe5 15.
Bxh5 Nf6 16. f4 Nxh5 17. fxe5 dxe5 18. Rxe5+ Kf8 19. Bh6+ Kg8 20. Qe1 Ng7 21.
Rd1 a6 22. Nd4 Rc8 23. b3 Ne8 24. Nc6 Bxc6 25. dxc6 Nd6 26. Rxd6 1-0

[Event "ZMDI-Open 2013"]
[Site "Dresden"]
[Date "2013.08.12"]
[Round "3"]
[White "Bolshakov, K."]
[Black "Leimeister, W."]
[Result "1/2-1/2"]
[WhiteElo "1681"]
[BlackElo "1920"]
[PlyCount "34"]
[EventDate "2013.??.??"]

1. d4 Nf6 2. Nf3 g6 3. c4 Bg7 4. Nc3 O-O 5. e4 c5 6. d5 d6 7. Be2 e6 8. O-O
exd5 9. cxd5 Re8 10. Nd2 a6 11. a4 b6 12. f3 Nbd7 13. Nc4 Ne5 14. Na3 h5 15.
Bg5 Qc7 16. Qc2 Nh7 17. Be3 Qe7 1/2-1/2

[Event "ZMDI-Open 2013"]
[Site "Dresden"]
[Date "2013.08.12"]
[Round "3"]
[White "Wiewesiek, T."]
[Black "Schott, V."]
[Result "0-1"]
[WhiteElo "1704"]
[BlackElo "1808"]
[PlyCount "140"]
[EventDate "2013.??.??"]

1. e4 e5 2. Nf3 Nc6 3. Bb5 d6 4. c3 Bd7 5. Ba4 Nf6 6. d3 h6 7. Nbd2 Ne7 8. Bc2
Ng6 9. Nf1 c6 10. d4 Qb6 11. Ne3 Be6 12. Nf5 O-O-O 13. O-O Bc4 14. Bd3 Qb5 15.
Bxc4 Qxc4 16. Qc2 exd4 17. N3xd4 Ne5 18. Rd1 g6 19. Ne3 Qa6 20. f3 Bg7 21. b4
d5 22. exd5 Nxd5 23. Nxd5 Rxd5 24. Be3 Rhd8 25. Qb3 Qc4 26. Qxc4 Nxc4 27. Bf2
Na3 28. Rd3 Bxd4 29. cxd4 Nc2 30. Rc1 Nxb4 31. Rb3 Na6 32. Kf1 R8d7 33. Re1 Nc7
34. Rbe3 Ne6 35. Rxe6 fxe6 36. Rxe6 R7d6 37. Re8+ Kd7 38. Rh8 h5 39. Rh7+ Kc8
40. Bg3 Rd7 41. Rh8+ Rd8 42. Rh6 Rxd4 43. Rxg6 b6 44. Rxc6+ Kb7 45. Rc7+ Ka6
46. Rh7 R4d5 47. Bf4 R8d7 48. Rh6 Kb5 49. h4 Kb4 50. Bg5 Ka3 51. Rxh5 Kxa2 52.
Rh8 b5 53. f4 b4 54. Bf6 b3 55. Rb8 Rd2 56. g4 b2 57. Rxb2+ Rxb2 58. Bxb2 Kxb2
59. Ke2 a5 60. f5 a4 61. f6 a3 62. g5 a2 63. g6 a1=Q 64. f7 Qa6+ 65. Ke3 Qf6
66. h5 Re7+ 67. Kd3 Qd6+ 68. Kc4 Rc7+ 69. Kb5 Qc5+ 70. Ka4 Ra7# 0-1

[Event "ZMDI-Open 2013"]
[Site "Dresden"]
[Date "2013.08.12"]
[Round "3"]
[White "Vorobiov, I."]
[Black "Herbrig, M."]
[Result "0-1"]
[WhiteElo "1774"]
[BlackElo "1687"]
[PlyCount "58"]
[EventDate "2013.??.??"]

1. e4 c5 2. d4 cxd4 3. c3 d3 4. c4 Nc6 5. Nf3 g6 6. Nc3 Bg7 7. Qxd3 d6 8. Be2
Nf6 9. O-O O-O 10. Bf4 b6 11. Rac1 Bb7 12. Rfd1 Nd7 13. Qb1 Rc8 14. Nd5 Nc5 15.
e5 Re8 16. Ne3 Ne6 17. Bg3 f5 18. exd6 exd6 19. Bxd6 Ned4 20. Bf4 Nxe2+ 21. Kf1
Qf6 22. Kxe2 h6 23. Bd6 f4 24. Rd3 fxe3 25. fxe3 Qxb2+ 26. Qxb2 Bxb2 27. Rc2
Bg7 28. Ba3 Na5 29. c5 Ba6 0-1

[Event "ZMDI-Open 2013"]
[Site "Dresden"]
[Date "2013.08.12"]
[Round "3"]
[White "von Koslowski, U."]
[Black "Wunderlich, M."]
[Result "1/2-1/2"]
[WhiteElo "1749"]
[BlackElo "1785"]
[PlyCount "73"]
[EventDate "2013.??.??"]

1. e4 d5 2. exd5 Nf6 3. d4 Nxd5 4. Nf3 Bg4 5. Be2 e6 6. O-O Be7 7. c4 Nb6 8. b3
Nc6 9. Bb2 O-O 10. Nbd2 Bf6 11. Ne4 Be7 12. Qd2 Nd7 13. Rfd1 Nf6 14. Nxf6+ Bxf6
15. Qf4 Bxf3 16. Bxf3 Qd6 17. Qxd6 cxd6 18. Bc3 Rac8 19. Rd3 Rc7 20. Rad1 Ne7
21. Be2 Rfc8 22. h3 b6 23. Bb4 d5 24. Bxe7 Bxe7 25. Re3 dxc4 26. Bxc4 Rd8 27.
Re4 g6 28. Rf4 Bf8 29. d5 Rcd7 30. Rfd4 exd5 31. Rxd5 Rxd5 32. Bxd5 Kg7 33. Kf1
Kf6 34. Ke2 Bc5 35. Rd3 Re8+ 36. Kd2 Bb4+ 37. Kc1 1/2-1/2

[Event "ZMDI-Open 2013"]
[Site "Dresden"]
[Date "2013.08.12"]
[Round "3"]
[White "Zalewski, U."]
[Black "Frommelt, R."]
[Result "1/2-1/2"]
[WhiteElo "1805"]
[BlackElo "1765"]
[PlyCount "58"]
[EventDate "2013.??.??"]

1. e4 c5 2. Nf3 g6 3. d4 cxd4 4. Nxd4 Bg7 5. Be3 Nc6 6. Nc3 Nf6 7. f3 O-O 8.
Qd2 d5 9. exd5 Nxd5 10. Nxc6 bxc6 11. Nxd5 cxd5 12. c3 e6 13. Be2 Qc7 14. O-O
Rb8 15. Rab1 Bd7 16. f4 Bb5 17. Bxb5 Rxb5 18. Bd4 Rfb8 19. Bxg7 Kxg7 20. Qd4+
Kg8 21. Rf2 Qa5 22. b4 Qc7 23. a4 R5b7 24. a5 Rb5 25. Rd1 Rc8 26. Rf3 Rb7 27.
g3 Qc4 28. Qxc4 Rxc4 29. Re3 Rbc7 1/2-1/2

[Event "ZMDI-Open 2013"]
[Site "Dresden"]
[Date "2013.08.12"]
[Round "3"]
[White "Wiessner, J."]
[Black "Heber, M."]
[Result "1-0"]
[WhiteElo "1861"]
[BlackElo "1634"]
[PlyCount "101"]
[EventDate "2013.??.??"]

1. Nf3 Nf6 2. c4 g6 3. g3 Bg7 4. Bg2 d6 5. O-O O-O 6. d4 Nc6 7. d5 Na5 8. Nfd2
c5 9. a3 Ng4 10. Ra2 Qc7 11. Qc2 Ne5 12. h3 b5 13. cxb5 a6 14. b4 Nb7 15. bxa6
Rxa6 16. b5 Ra5 17. a4 e6 18. Nc3 c4 19. Ba3 Nd7 20. Bb4 Ra7 21. a5 Nxa5 22.
Rfa1 Bb7 23. Bxa5 Qc5 24. Nde4 Qd4 25. e3 Qd3 26. Qxd3 cxd3 27. Bb4 Rxa2 28.
Rxa2 Rc8 29. dxe6 fxe6 30. Rd2 d5 31. Nd6 Bxc3 32. Bxc3 Rxc3 33. Nxb7 Ne5 34.
Rd1 Nc4 35. Nc5 d2 36. Kf1 Nxe3+ 37. fxe3 Rxc5 38. Rxd2 Rxb5 39. Ra2 h6 40. Ra7
Rb1+ 41. Kf2 Rb2+ 42. Kf3 e5 43. Bf1 e4+ 44. Kg4 Rb1 45. Ba6 Rb3 46. Bb7 Rxe3
47. Bxd5+ Kh8 48. Re7 h5+ 49. Kg5 Rf3 50. Kh6 Rf8 51. Rh7# 1-0

[Event "ZMDI-Open 2013"]
[Site "Dresden"]
[Date "2013.08.12"]
[Round "3"]
[White "Völler, L."]
[Black "Mishin, F."]
[Result "0-1"]
[WhiteElo "1679"]
[BlackElo "1801"]
[PlyCount "100"]
[EventDate "2013.??.??"]

1. e4 e5 2. Nf3 Nc6 3. c3 Nf6 4. d4 exd4 5. e5 Nd5 6. cxd4 d6 7. Bc4 dxe5 8.
dxe5 Bb4+ 9. Bd2 O-O 10. O-O Bg4 11. Bg5 Bxf3 12. Qxf3 Qxg5 13. Bxd5 Nxe5 14.
Qb3 Bc5 15. Nc3 c6 16. Ne4 Qe7 17. Nxc5 Qxc5 18. Be4 Qc4 19. Qe3 Ng4 20. Qf4 f5
21. f3 Qd4+ 22. Kh1 Nf2+ 23. Rxf2 Qxf2 24. Bxf5 Rac8 25. Qc4+ Kh8 26. Be4 Rcd8
27. Rf1 Qxb2 28. h3 Qd4 29. Qc2 Qd2 30. Qb1 Qe2 31. Re1 Qb5 32. Qc2 h6 33. Rb1
Qa6 34. Qb3 Qb5 35. Qe6 Qg5 36. Rg1 Rd6 37. Qb3 b6 38. Qa3 Rfd8 39. Qxa7 c5 40.
Qa4 Rd4 41. Qc6 Qf6 42. Qc7 Rd1 43. a4 Rxg1+ 44. Kxg1 Rd1+ 45. Kh2 Qd6+ 46.
Qxd6 Rxd6 47. g4 Rd4 48. Bc6 c4 49. Kg3 c3 50. Be4 Rxe4 0-1

[Event "ZMDI-Open 2013"]
[Site "Dresden"]
[Date "2013.08.12"]
[Round "3"]
[White "Hofmann, F."]
[Black "Koch, R."]
[Result "0-1"]
[WhiteElo "1077"]
[BlackElo "1718"]
[PlyCount "68"]
[EventDate "2013.??.??"]

1. e4 c5 2. Nf3 Nc6 3. Bc4 d6 4. Nc3 Nf6 5. d4 cxd4 6. Nxd4 g6 7. O-O Bg7 8.
Be3 O-O 9. Qd2 Ng4 10. Nxc6 bxc6 11. Bd4 Ne5 12. Bb3 c5 13. Bxe5 Bxe5 14. Qd5
Ba6 15. Rfd1 Bxc3 16. bxc3 Qa5 17. Bc4 Bxc4 18. Qxc4 Rab8 19. Rd2 Rb2 20. Qd3
Rxa2 21. Rad1 Ra3 22. Qd5 Qxc3 23. Rd3 Qa5 24. Rxa3 Qxa3 25. e5 Qa6 26. exd6
Qxd6 27. Qxd6 exd6 28. Rxd6 Ra8 29. Rc6 a5 30. Rxc5 a4 31. Rb5 a3 32. Rb1 a2
33. Ra1 Rb8 34. Rxa2 Rb1# 0-1

[Event "ZMDI-Open 2013"]
[Site "Dresden"]
[Date "2013.08.12"]
[Round "3"]
[White "Smagulov, A."]
[Black "Reinisch, J."]
[Result "0-1"]
[WhiteElo "1802"]
[BlackElo "1645"]
[PlyCount "178"]
[EventDate "2013.??.??"]

1. d4 f5 2. Bg5 d6 3. e3 Nd7 4. Bd3 g6 5. h3 Ngf6 6. c4 e5 7. Nc3 Bg7 8. Nge2
c6 9. Qb3 O-O 10. O-O Qc7 11. Rac1 b6 12. Bh4 Bb7 13. Bg3 Nh5 14. Bh2 Kh8 15.
Qd1 Rae8 16. b4 Qd8 17. d5 cxd5 18. cxd5 Qa8 19. Bb5 Rd8 20. f3 Nhf6 21. e4
fxe4 22. fxe4 a6 23. Bd3 Bh6 24. Rc2 Rf7 25. Bg3 Rdf8 26. Kh1 Nh5 27. Rxf7
Nxg3+ 28. Nxg3 Rxf7 29. Qg4 Qf8 30. Nd1 Nf6 31. Qe2 Qa8 32. Ne3 Bxe3 33. Qxe3
Qd8 34. a4 Kg7 35. Qg5 Kh8 36. Rf2 Qe7 37. Rf1 Bc8 38. Qe3 Qd8 39. Qe2 Ra7 40.
Rc1 a5 41. b5 Rc7 42. Rf1 Rf7 43. Qe3 Bb7 44. Qg5 Qe7 45. Qe3 Nd7 46. Rxf7 Qxf7
47. Be2 Nc5 48. Bd1 Qf4 49. Qf3 Qxf3 50. gxf3 Kg7 51. Kg2 Kf6 52. h4 Bc8 53.
Nf1 Ke7 54. Ne3 Kd8 55. Bc2 Bd7 56. Nc4 Kc7 57. Kg3 Be8 58. f4 Nd7 59. Kg4 h6
60. f5 Nf6+ 61. Kf3 gxf5 62. exf5 Bh5+ 63. Kg3 Nxd5 64. Be4 Nf6 65. Bd3 Bf7 66.
Nb2 e4 67. Be2 d5 68. Kf4 Kd6 69. Bd1 Nh5+ 70. Ke3 Ke5 71. Bg4 Nf6 72. Bh3 d4+
73. Kd2 Kf4 74. Bf1 Kxf5 75. Bc4 Bxc4 76. Nxc4 Nd5 77. h5 Kf4 78. Nd6 Kf3 79.
Nf5 e3+ 80. Kd3 Nf4+ 81. Kc4 d3 82. Kc3 Kf2 83. Nxh6 Ke2 84. Nf5 d2 85. Nd4+
Kf2 86. Kc2 Nxh5 87. Kd1 Nf4 88. Nc2 Nd3 89. Nxe3 Kxe3 0-1

[Event "ZMDI-Open 2013"]
[Site "Dresden"]
[Date "2013.08.12"]
[Round "3"]
[White "Beyer, M."]
[Black "Gabriel, W."]
[Result "1/2-1/2"]
[WhiteElo "1560"]
[BlackElo "1733"]
[PlyCount "39"]
[EventDate "2013.??.??"]

1. e4 e5 2. Nf3 Nc6 3. Bb5 a6 4. Ba4 Nf6 5. O-O b5 6. Bb3 Be7 7. Re1 O-O 8. c3
d6 9. h3 h6 10. d4 Bb7 11. d5 Na5 12. Bc2 c6 13. b4 Nc4 14. dxc6 Bxc6 15. Nbd2
Nb6 16. Nb3 Rc8 17. Na5 Ba8 18. Bb2 Re8 19. Nd2 Bf8 20. a4 1/2-1/2

[Event "ZMDI-Open 2013"]
[Site "Dresden"]
[Date "2013.08.12"]
[Round "3"]
[White "Dorst, K."]
[Black "Bisse, V."]
[Result "0-1"]
[WhiteElo "1761"]
[BlackElo "1967"]
[PlyCount "96"]
[EventDate "2013.??.??"]

1. e4 c5 2. Nf3 e6 3. d4 b6 4. Bc4 Nf6 5. Nc3 Ba6 6. Bxa6 Nxa6 7. Bg5 Be7 8. e5
Nd5 9. Bxe7 Nxe7 10. Ne4 O-O 11. dxc5 bxc5 12. Qd6 Qa5+ 13. c3 Nf5 14. Qd2 Rad8
15. O-O c4 16. Rfd1 Nc5 17. Nxc5 Qxc5 18. Qe2 d5 19. exd6 Rxd6 20. Rxd6 Nxd6
21. Rd1 Nf5 22. h3 Rc8 23. Nd4 Nxd4 24. Rxd4 g6 25. Qd2 Qa5 26. Qh6 Qc7 27. Rh4
f6 28. Rd4 e5 29. Rd5 Rd8 30. Qd2 Rxd5 31. Qxd5+ Kf8 32. Kf1 h5 33. Ke2 f5 34.
Qa8+ Kg7 35. Qd5 Kf6 36. b3 cxb3 37. Qxb3 Qc6 38. g3 Qe4+ 39. Kd2 Qg2 40. Ke2
Qxh3 41. Qd5 Qg4+ 42. Ke3 f4+ 43. gxf4 exf4+ 44. Ke4 Qe2+ 45. Kxf4 Qxf2+ 46.
Qf3 g5+ 47. Ke4+ Qxf3+ 48. Kxf3 g4+ 0-1

[Event "ZMDI-Open 2013"]
[Site "Dresden"]
[Date "2013.08.12"]
[Round "3"]
[White "Grohmann, A."]
[Black "Zilch, L."]
[Result "0-1"]
[WhiteElo "1512"]
[BlackElo "1911"]
[PlyCount "60"]
[EventDate "2013.??.??"]

1. c4 Nf6 2. g3 d5 3. cxd5 Nxd5 4. Bg2 c6 5. e3 g6 6. Ne2 Bg7 7. O-O O-O 8. Re1
e5 9. Nbc3 Bg4 10. Nxd5 cxd5 11. Qb3 e4 12. Qxb7 Qa5 13. Qb3 Nd7 14. Nc3 Rab8
15. Qxd5 Bxc3 16. Qxa5 Bxa5 17. Bxe4 Nc5 18. Bc2 Rfd8 19. Rf1 Be2 20. Re1 Bf3
21. b3 Bxd2 22. Bxd2 Rxd2 23. Bd1 Bxd1 24. Rexd1 Rbd8 25. Rdc1 Nd3 26. Rc7 Nxf2
27. Rxa7 Nh3+ 28. Kf1 Rf2+ 29. Ke1 Rdd2 30. Rd1 Rde2# 0-1

[Event "ZMDI-Open 2013"]
[Site "Dresden"]
[Date "2013.08.12"]
[Round "3"]
[White "Böhme-Ziska, C."]
[Black "Schießl, H."]
[Result "1/2-1/2"]
[WhiteElo "1747"]
[BlackElo "1749"]
[PlyCount "143"]
[EventDate "2013.??.??"]

1. d4 Nf6 2. c4 g6 3. Nc3 Bg7 4. e4 d6 5. f3 O-O 6. Be3 c6 7. Bd3 Nbd7 8. Nge2
e5 9. d5 cxd5 10. cxd5 a6 11. a4 Nc5 12. Bc2 b6 13. O-O Nh5 14. g4 Nf6 15. Ng3
Ra7 16. b4 Ncd7 17. Qd2 Rc7 18. Rfc1 Bb7 19. Bd1 Qe7 20. Rc2 Rfc8 21. Rac1 Kh8
22. Qf2 Rc4 23. Na2 Rxc2 24. Rxc2 Rxc2 25. Qxc2 Qd8 26. Nf1 Ne8 27. Ng3 Bf6 28.
Qd2 Bh4 29. Kg2 Bf6 30. Be2 Qc8 31. Bd3 Bd8 32. Qb2 Bf6 33. Qf2 Bd8 34. Qb2 Bf6
35. Qc2 Qb8 36. Nc1 Kg7 37. Nb3 Qc7 38. Qd2 Kh8 39. Qb2 Qc8 40. Nd2 Bd8 41. Nc4
b5 42. axb5 axb5 43. Na3 Ba6 44. Bxb5 Bxb5 45. Nxb5 Qc4 46. Nc3 Qd3 47. Bf2 Bb6
48. Nb1 Bxf2 49. Kxf2 Nb6 50. Nf1 Nc7 51. Nbd2 Nb5 52. Qb3 Qxb3 53. Nxb3 Kg7
54. Na5 Na4 55. Nc6 Kf6 56. Ne3 Kg5 57. Kg3 Nac3 58. h4+ Kf6 59. Nc4 h6 60. Nd2
Ne2+ 61. Kf2 Ned4 62. Nxd4 Nxd4 63. Nc4 Ke7 64. Na5 Kd7 65. Kg3 Ne2+ 66. Kf2
Nd4 67. Kg3 Kc7 68. Kf2 Kb6 69. Nc4+ Kc7 70. Nb2 Kb6 71. Nd3 Kb5 72. Ke3
1/2-1/2

[Event "ZMDI-Open 2013"]
[Site "Dresden"]
[Date "2013.08.12"]
[Round "3"]
[White "Möller, P."]
[Black "Förster, J."]
[Result "1-0"]
[WhiteElo "1678"]
[BlackElo "1761"]
[PlyCount "68"]
[EventDate "2013.??.??"]

1. d4 Nf6 2. Bf4 e6 3. Nf3 c5 4. e3 d5 5. Ne5 Nbd7 6. Nd2 Nxe5 7. Bxe5 Nd7 8.
Bg3 Qb6 9. Rb1 cxd4 10. exd4 Qxd4 11. c3 Qb6 12. Bd3 Bd6 13. Bh4 Ne5 14. Bc2
Ng6 15. Bg5 Bf4 16. Bxf4 Nxf4 17. O-O O-O 18. Nf3 Ng6 19. Bxg6 hxg6 20. Ne5 Qd8
21. Qb3 Qg5 22. f4 Qh5 23. Rf3 Qf5 24. Re1 g5 25. fxg5 Qxg5 26. Qb4 f6 27. Rg3
Qd2 28. Rf1 Qe2 29. Ng6 Re8 30. Ne7+ Kf7 31. Nxc8 Rexc8 32. Qxb7+ Ke8 33. Rxg7
Qe3+ 34. Kh1 Qh6 1-0

[Event "ZMDI-Open 2013"]
[Site "Dresden"]
[Date "2013.08.12"]
[Round "3"]
[White "Grube, K."]
[Black "Ott, H."]
[Result "1/2-1/2"]
[WhiteElo "1602"]
[BlackElo "1674"]
[PlyCount "68"]
[EventDate "2013.??.??"]

1. e4 c5 2. Nf3 d6 3. d4 cxd4 4. Nxd4 a6 5. Nc3 Nf6 6. Be2 g6 7. Be3 Bg7 8. O-O
O-O 9. Qd2 Bd7 10. Rad1 Ng4 11. Bg5 f6 12. Bc4+ Kh8 13. Bh4 Bh6 14. Qe2 Ne5 15.
Be6 Nbc6 16. Bxd7 Qxd7 17. Nd5 Rad8 18. c4 Nxd4 19. Rxd4 Nc6 20. Rd3 Ne5 21.
Rdd1 Bg7 22. f4 Qg4 23. Qf2 Nxc4 24. b3 Na5 25. h3 Qe6 26. Qb6 g5 27. fxg5 fxg5
28. Rxf8+ Rxf8 29. Bxg5 Qxe4 30. Bxe7 Qe2 31. Ne3 Re8 32. Rf1 Nc6 33. Rf2 Qxa2
34. Rf1 Qe2 1/2-1/2

[Event "ZMDI-Open 2013"]
[Site "Dresden"]
[Date "2013.08.12"]
[Round "3"]
[White "Bui, N."]
[Black "Kretschmer, W."]
[Result "1/2-1/2"]
[WhiteElo "1417"]
[BlackElo "1597"]
[PlyCount "88"]
[EventDate "2013.??.??"]

1. e4 Nf6 2. e5 Nd5 3. d4 d6 4. exd6 exd6 5. Nf3 c6 6. Be3 Bg4 7. c4 Nc7 8. Nc3
Nd7 9. Be2 Be7 10. Qd2 a6 11. O-O O-O 12. Rac1 Nf6 13. h3 Bxf3 14. Bxf3 d5 15.
c5 Ne6 16. Na4 Qc7 17. Nb6 Rae8 18. h4 Nd7 19. Nxd7 Qxd7 20. h5 f5 21. Qd3 Ng5
22. Bf4 Bf6 23. Bd6 Rf7 24. Rcd1 Nxf3+ 25. Qxf3 Re4 26. Qc3 f4 27. Rfe1 Qf5 28.
f3 Rxe1+ 29. Rxe1 h6 30. g4 fxg3 31. Bxg3 Qxh5 32. Qe3 g6 33. Qe8+ Kh7 34. Be5
Bxe5 35. Rxe5 Qxf3 36. Re1 Qg4+ 37. Kh1 Qxd4 38. a3 Qxb2 39. a4 Qd4 40. a5 Qh4+
41. Kg1 Qf4 42. Qe6 h5 43. Kh1 h4 44. Rg1 Qe4+ 1/2-1/2

[Event "ZMDI-Open 2013"]
[Site "Dresden"]
[Date "2013.08.12"]
[Round "3"]
[White "Köpke, P."]
[Black "Jahn, D."]
[Result "1/2-1/2"]
[WhiteElo "1341"]
[BlackElo "1816"]
[PlyCount "46"]
[EventDate "2013.??.??"]

1. e4 d5 2. exd5 Qxd5 3. Nc3 Qa5 4. Bc4 Nf6 5. d3 c6 6. h3 Qc7 7. Nf3 Bf5 8.
Bg5 Nbd7 9. Bh4 e6 10. Qe2 Be7 11. Nd4 Qe5 12. Qxe5 Nxe5 13. Nxf5 exf5 14. Bb3
Ng6 15. Bg5 O-O 16. Kd2 h6 17. Bxf6 Bxf6 18. g3 f4 19. Rae1 fxg3 20. fxg3 Ne5
21. Rhf1 Nd7 22. Ne4 Be7 23. c3 Nf6 1/2-1/2

[Event "ZMDI-Open 2013"]
[Site "Dresden"]
[Date "2013.08.12"]
[Round "3"]
[White "Hilbig, K."]
[Black "Sorge, D."]
[Result "1-0"]
[WhiteElo "1759"]
[BlackElo "1437"]
[PlyCount "49"]
[EventDate "2013.??.??"]

1. d4 Nf6 2. Nf3 e6 3. Nbd2 d5 4. e3 Nbd7 5. Bd3 c5 6. b3 Bd6 7. Bb2 O-O 8. O-O
Qc7 9. c4 e5 10. cxd5 Nxd5 11. dxc5 Nxc5 12. Rc1 Qe7 13. Ne4 Nxd3 14. Qxd3 Nb4
15. Qxd6 Qxd6 16. Nxd6 Nd3 17. Rc2 f6 18. Ba3 e4 19. Nxe4 Re8 20. Nd6 Rd8 21.
Rd1 Rxd6 22. Bxd6 Bf5 23. Rcd2 Ne5 24. Nxe5 fxe5 25. Bxe5 1-0

[Event "ZMDI-Open 2013"]
[Site "Dresden"]
[Date "2013.08.12"]
[Round "3"]
[White "Scholz, R."]
[Black "Helbig, C."]
[Result "0-1"]
[WhiteElo "1109"]
[BlackElo "1786"]
[PlyCount "56"]
[EventDate "2013.??.??"]

1. e4 e5 2. Nf3 d6 3. c3 Nf6 4. d3 Be7 5. g3 O-O 6. Bg2 Bg4 7. O-O Nbd7 8. Be3
d5 9. Nbd2 Nc5 10. Bxc5 Bxc5 11. Qb3 dxe4 12. dxe4 Bxf3 13. Nxf3 Nxe4 14. Qxb7
Nd6 15. Qd5 Bb6 16. Nxe5 Rc8 17. Bh3 Ra8 18. Nc6 Qf6 19. Rae1 Rae8 20. Ne5 c6
21. Qd3 Rxe5 22. Rxe5 Qxe5 23. Rd1 Ne4 24. Rf1 Rd8 25. Qe2 Rd2 26. Qg4 f5 27.
Qf3 Nxf2 28. Rxf2 Rxf2 0-1

[Event "ZMDI-Open 2013"]
[Site "Dresden"]
[Date "2013.08.12"]
[Round "3"]
[White "Ast, E."]
[Black "Schießl, W."]
[Result "0-1"]
[WhiteElo "1789"]
[BlackElo "1842"]
[PlyCount "89"]
[EventDate "2013.??.??"]

1. d4 Nf6 2. Nf3 d6 3. c3 Nbd7 4. Bf4 b6 5. h3 Bb7 6. e3 g6 7. Be2 Bg7 8. O-O
Rc8 9. Nbd2 Ne4 10. a3 O-O 11. Nxe4 Bxe4 12. Ba6 Rb8 13. Re1 c5 14. Be2 Nf6 15.
Bd3 Ba8 16. Nd2 Rc8 17. Qe2 d5 18. Rad1 c4 19. Bc2 Bc6 20. e4 Nh5 21. Bh2 Re8
22. e5 Bh6 23. Rf1 Qd7 24. f4 Ng7 25. Rf2 Ba4 26. Bxa4 Qxa4 27. Nf1 Qd7 28. Ne3
f5 29. Kh1 Rf8 30. Rg1 Rc6 31. Qf3 e6 32. Qe2 Qe7 33. Rf3 b5 34. Bg3 a6 35. Be1
Rcc8 36. Qf2 Kh8 37. g4 g5 38. fxg5 Bxg5 39. gxf5 Bxe3 40. Qxe3 Nxf5 41. Qd2
Rg8 42. Rgf1 Rg6 43. Qf4 Rcg8 44. Qd2 Qg7 45. Qh2 0-1

[Event "ZMDI-Open 2013"]
[Site "Dresden"]
[Date "2013.08.12"]
[Round "3"]
[White "Lindner, M."]
[Black "Koch, K."]
[Result "1-0"]
[WhiteElo "1548"]
[BlackElo "800"]
[PlyCount "45"]
[EventDate "2013.??.??"]

1. d4 d5 2. c4 dxc4 3. Nc3 e6 4. e4 Nf6 5. Bxc4 c6 6. e5 Nfd7 7. Nf3 Be7 8. Be3
O-O 9. O-O h6 10. a3 b5 11. Bd3 Bb7 12. b4 f6 13. Qb3 Qe8 14. Qxe6+ Qf7 15. Bf5
Qxe6 16. Bxe6+ Kh8 17. Nh4 Re8 18. Bf7 Rd8 19. Ng6+ Kh7 20. Nxe7 Nf8 21. e6 Bc8
22. Nxc8 Rxc8 23. e7 1-0

[Event "ZMDI-Open 2013"]
[Site "Dresden"]
[Date "2013.08.12"]
[Round "3"]
[White "Briesemeister, K."]
[Black "Fahland, M."]
[Result "1/2-1/2"]
[WhiteElo "1800"]
[BlackElo "1414"]
[PlyCount "104"]
[EventDate "2013.??.??"]

1. d4 d5 2. e4 e6 3. e5 c5 4. c3 Nc6 5. Bb5 cxd4 6. cxd4 Bb4+ 7. Nc3 Qb6 8.
Bxc6+ bxc6 9. a3 Bxc3+ 10. bxc3 Ne7 11. Be3 Rb8 12. Ne2 O-O 13. f4 Nf5 14. Bf2
Ba6 15. g4 Ne7 16. Be3 Qb3 17. Qd2 Bxe2 18. Kxe2 Qb2 19. Ra2 Qxd2+ 20. Kxd2 Rb7
21. Kc2 Rfb8 22. Rf1 g6 23. a4 Kf8 24. Rfa1 Ke8 25. Bc1 a6 26. Ba3 Nc8 27. a5
Rb5 28. Bc5 Ra8 29. h4 Kd7 30. Rf1 Ne7 31. Kd3 Rab8 32. Bb4 Rg8 33. Raf2 Rbb8
34. Bd6 Rb5 35. Bb4 Rbb8 36. Bc5 Rb5 37. Ra2 Rgb8 38. Rff2 Rg8 39. Ra3 Rgb8 40.
f5 exf5 41. Bxe7 Kxe7 42. gxf5 Rf8 43. fxg6 fxg6 44. Rxf8 Kxf8 45. Ra2 Rb7 46.
Rf2+ Rf7 47. Rxf7+ Kxf7 48. Ke3 Ke6 49. Kf4 h6 50. Kg4 Kf7 51. h5 g5 52. Kf5
Ke7 1/2-1/2

[Event "ZMDI-Open 2013"]
[Site "Dresden"]
[Date "2013.08.12"]
[Round "3"]
[White "Hansch, B."]
[Black "Mittelstaedt, E."]
[Result "0-1"]
[WhiteElo "1577"]
[BlackElo "1683"]
[PlyCount "94"]
[EventDate "2013.??.??"]

1. e4 e5 2. f4 exf4 3. Nf3 d5 4. e5 Bg4 5. d4 Ne7 6. Bxf4 Ng6 7. Bg3 Be7 8. Bd3
Nh4 9. Bxh4 Bxh4+ 10. g3 Be7 11. O-O c5 12. c3 Nc6 13. Bb5 c4 14. Bxc6+ bxc6
15. Nbd2 O-O 16. Qe1 c5 17. Qf2 Qb6 18. Rab1 Bf5 19. Nxc4 dxc4 20. Rbd1 cxd4
21. cxd4 Bh3 22. Rfe1 Rab8 23. Re2 Bg4 24. Rdd2 Qb7 25. Kg2 Qd5 26. h3 Be6 27.
Kh2 h6 28. Nh4 Qd7 29. g4 Bg5 30. Rc2 Qa4 31. a3 Rb3 32. Rc3 Rxc3 33. bxc3 Qb3
34. Nf5 Qxc3 35. h4 Bd8 36. Re3 Qa5 37. Kh3 Bxf5 38. gxf5 Qd5 39. Qf4 Qh1+ 40.
Qh2 Qf1+ 41. Kg4 h5+ 42. Kg3 Qxf5 43. Qe2 Qg6+ 44. Kh3 Qe6+ 45. Kg3 g6 46. a4
Bb6 47. Re4 Rd8 0-1

[Event "ZMDI-Open 2013"]
[Site "Dresden"]
[Date "2013.08.12"]
[Round "3"]
[White "Kluge, H."]
[Black "Kultscher, C."]
[Result "1-0"]
[WhiteElo "1680"]
[BlackElo "1046"]
[PlyCount "71"]
[EventDate "2013.??.??"]

1. d4 d5 2. Nf3 Nc6 3. e3 Bg4 4. h3 Bf5 5. Nbd2 Nf6 6. Nh4 Qd7 7. Nxf5 Qxf5 8.
Bd3 Qd7 9. c3 e5 10. f3 Bd6 11. O-O O-O 12. b4 Rae8 13. Qc2 a6 14. Bb2 exd4 15.
exd4 Re7 16. a4 Rfe8 17. b5 Qe6 18. bxc6 Qe3+ 19. Kh1 Qf4 20. g3 Qxg3 21. Nb3
Qxh3+ 22. Kg1 Bh2+ 23. Qxh2 Qxh2+ 24. Kxh2 Re2+ 25. Bxe2 Rxe2+ 26. Kg1 Rxb2 27.
Rab1 Rxb1 28. Rxb1 bxc6 29. Nc5 g5 30. Nxa6 Kg7 31. Nb4 h5 32. a5 g4 33. fxg4
hxg4 34. a6 Nd7 35. Nxc6 f5 36. a7 1-0

[Event "ZMDI-Open 2013"]
[Site "Dresden"]
[Date "2013.08.12"]
[Round "3"]
[White "Kanibalotzka, E."]
[Black "Laskow, V."]
[Result "1/2-1/2"]
[WhiteElo "1822"]
[BlackElo "1472"]
[PlyCount "60"]
[EventDate "2013.??.??"]

1. c4 c5 2. Nc3 Nc6 3. g3 g6 4. Bg2 Bg7 5. Nf3 e6 6. O-O Nge7 7. e3 O-O 8. d4
cxd4 9. exd4 d5 10. cxd5 Nxd5 11. Nxd5 exd5 12. Be3 Bf5 13. Qd2 Be4 14. Ng5
Bxg2 15. Kxg2 Nxd4 16. Bxd4 Bxd4 17. Nxf7 Qf6 18. Nh6+ Kg7 19. f3 Bxb2 20. Ng4
Qc3 21. Qxc3+ Bxc3 22. Rad1 d4 23. Nf2 b5 24. Ne4 b4 25. Rd3 a5 26. Rb1 Rab8
27. Nc5 Rfe8 28. Kf2 Rb5 29. Ne4 Rf5 30. Kg2 Rfe5 1/2-1/2